00336nam a2200121Ia 4500008004100000041000800041082001500049245003600064260006800100300001200168365001200180650002200192210719s2000 xx 000 0 und d aeng a323.4 RACI aRACIAL DISCRIMINATION in Tibet. aDharmasalabTibetan centre for human rights and democracyc2000 a126bPB b126cRs aRelation of State